Central Library OPAC University of Rajshahi

People and communities in the Western world / (Record no. 24689)

MARC details
000 -LEADER
fixed length control field 01016nam a2200325 a 4500
001 - CONTROL NUMBER
control field 24689
003 - CONTROL NUMBER IDENTIFIER
rucl marc code BD-RjUL
005 - DATE AND TIME OF LATEST TRANSACTION
control field 20211209001102.0
008 - FIXED-LENGTH DATA ELEMENTS--GENERAL INFORMATION
fixed length control field 140315s1979 iluab b 001 0 eng d
020 ## - INTERNATIONAL STANDARD BOOK NUMBER
International Standard Book Number 0256021864 (v. 2)
035 ## - SYSTEM CONTROL NUMBER
System control number BD-RjUL)24758
System control number (UkLCURL)9878059217
040 ## - CATALOGING SOURCE
Original cataloging agency DLC
Transcribing agency DLC
Modifying agency DLC
-- BD-RjUL
Language of cataloging eng
041 ## - LANGUAGE CODE
Language code of text/sound track or separate title eng
082 00 - DEWEY DECIMAL CLASSIFICATION NUMBER
Classification number 301.34091821
Author mark and year PEO 1979
090 ## - LOCALLY ASSIGNED LC-TYPE CALL NUMBER (OCLC); LOCAL CALL NUMBER (OCLC)
Classification number (OCLC) (R) ; Classification number, CALL (RLIN) (NR) LCo
245 00 - TITLE STATEMENT
Title People and communities in the Western world /
Statement of responsibility, etc. edited by Gene Brucker.
Number of part/section of a work Volume II
260 ## - PUBLICATION, DISTRIBUTION, ETC. (IMPRINT)
Place of publication, distribution, etc. Homewood, Ill. :
Name of publisher, distributor, etc. Dorsey Press,
Date of publication, distribution, etc. c1979.
300 ## - PHYSICAL DESCRIPTION
Pagination xiii336p. :
Illustrations ill., maps ;
Size 24 cm.
490 1# - SERIES STATEMENT
Series statement The Dorsey series in European history
504 ## - BIBLIOGRAPHY, ETC. NOTE
Bibliography, etc Includes bibliographies and indexes.
505 0# - FORMATTED CONTENTS NOTE
Formatted contents note Vol. 2 --
650 #0 - SUBJECT ADDED ENTRY--TOPICAL TERM
Topical term or geographic name as entry element Communities.
9 (RLIN) 75999
Topical term or geographic name as entry element Social history.
9 (RLIN) 76000
Topical term or geographic name as entry element Civilization, Western
General subdivision History.
9 (RLIN) 69119
700 1# - ADDED ENTRY--PERSONAL NAME
Personal name Brucker, Gene A.
830 #0 - SERIES ADDED ENTRY--UNIFORM TITLE
Uniform title Dorsey series in European history.
942 ## - ADDED ENTRY ELEMENTS (KOHA)
Source of classification or shelving scheme Dewey Decimal Classification
Koha item type Books
Holdings
Lost status Source of classification or shelving scheme Damaged status Not for loan Collection code Permanent Location Current Location Shelving location Date acquired Source of acquisition Total Checkouts Full call number Date last seen Copy number Koha item type
  Dewey Decimal Classification     Non-fiction Central Library, University of Rajshahi Central Library, University of Rajshahi   30/07/1987 Asia Fundation Gift   301.34091821 PEO V-2 1979 15/03/2014 C-10 Books
  Dewey Decimal Classification   Not For Loan Non-fiction Central Library, University of Rajshahi Central Library, University of Rajshahi Reading Room 20/08/1985     301.34091821 PEO V-2 1979 14/02/2017 C-1 Books